000 00813cam a22002777a 4500
003 CHAP
005 20220329141436.0
008 971013s r 00010 d
010 _a68194
011 _a69166
035 _a78641
040 _cCHAP
090 _aR-2924
100 0 0 _aHernández, E.
_954771
245 0 _aResonant states in momentum representation
500 _aSobretiro de: Physical Review C 29 (3) : 722-738, 1984.
590 _aBATCH-UPD
_b10
_c20130110
_lUCH01
_h0731
590 _aBATCH-UPD
_b10
_c20130410
_lUCH01
_h0414
590 _aBATCH-UPD
_b10
_c20130914
_lUCH01
_h1611
590 _aCONVERSION
_b10
_c20130109
_lUCH01
_h1337
650 1 4 _aResonancia.
_996154
700 0 _aMondragón, A.
_977494
901 _aBK
942 _cREIMP
949 _aR-2924
_bBC
_cR
_d-31515
_eTS1
_i78641
_si
999 _c68194
_d68194